Eurovision Song Contest 1961 - Final Results - Statistics

General Stats
  • This quiz has been taken 10 times
    1 since last reset
  • The average score is 0 of 16
Answer Stats
Answer % Correct
Austria 960px-Flag_of_Austria.svg.png
0%
Belgium 960px-Flag_of_Belgium.svg.png
0%
Denmark 960px-Flag_of_Denmark.svg.png
0%
Finland 960px-Flag_of_Finland.svg.png
0%
France 960px-Flag_of_France.svg.png?20220120162234
0%
Germany 960px-Flag_of_Germany.svg.png?20111003033442
0%
Italy 960px-Flag_of_Italy.svg.png?20111003040337
0%
Luxembourg 960px-Flag_of_Luxembourg.svg.png
0%
Monaco 960px-Flag_of_Monaco.svg.png
0%
Netherlands 960px-Flag_of_the_Netherlands.svg.png
0%
Norway 960px-Flag_of_Norway.svg.png
0%
Spain 960px-Flag_of_Spain_%281945%E2%80%931977%29.svg.png
0%
Sweden 20240819095328%21Flag_of_Sweden.svg
0%
Switzerland 960px-Flag_of_Switzerland.svg.png
0%
United Kingdom 960px-Flag_of_the_United_Kingdom_%281-2%29.svg.png
0%
Yugoslavia 960px-Flag_of_Yugoslavia_%281946-1992%29.svg.png
0%
No matching quizzes found
Score Distribution
Percent of People with Each Score
Percentile by Number Answered
Your Score History
You have not taken this quiz since the last reset